00311nam a22001097a 4500008004100000020001800041082001100059100001900070245004800089260005500137300000900192260601b |||||||| |||| 00| 0 eng d a9789381275146 a001839 aPrahladachar D aGita Bhashyam of Sri Madhawacharya Vol No 1 aBangalorebPoornaprajna Samshodhana Mandiramc2012 a638p